000 00373 a2200133 4500
005 20250411084132.0
020 _a0-07-051367-8
082 _a658.87 RED
100 _aREDINBAUGH, L. D.
245 _aInstructor's Manual to Accompany Retailing Management: A Planning Approach
260 _aNew York,
_bMcGraw-Hill,
_c1976.
300 _a175p.,
_c22cm.
942 _2ddc
_cBKS
999 _c1310
_d1310